[Event "22nd Hoogeveen Open 2018"]
[Site "Hoogeveen"]
[Date "2018.10.23"]
[Round "5"]
[White "Iniyan, P."]
[Black "Hulshof, Peter"]
[Result "1-0"]
[WhiteElo "2476"]
[BlackElo "2168"]
[Annotator "TA"]
[PlyCount "95"]
[EventDate "2018.10.20"]
[EventType "swiss"]
[EventCountry "NED"]
[SourceTitle "playchess.com"]
[Source "ChessBase"]
[SourceQuality "1"]

{[%evp 10,95,88,45,88,70,72,58,89,39,118,67,118,134,133,125,122,102,103,102,145,124,116,54,162,0,0,-14,177,178,248,143,126,145,199,134,215,190,207,206,214,200,208,217,314,307,307,308,406,416,404,310,407,394,525,501,506,489,919,1052,1037,1014,971,958,1196,1248,941,915,2127,2022,5712,5369,29977,5622,29980,29981,29981,29982,29982,29983,29984,29985,29986,1979,29983,29984,29980,29981]} 1. d4 g6 2. c4 Bg7 3. e4 d6 4. Nc3 c6 5. Be3 e5 6. Nge2 {LiveBook: 7 Games. A42: Modern Defence: Averbakh Variation} Ne7 (6... Nf6 7. f3 O-O 8. Qd2 exd4 9. Nxd4 d5 10. cxd5 cxd5 11. e5 Ne8 12. f4 Nc6 13. Bb5 Ne7 14. O-O Nc7 15. Rac1 f6 16. exf6 Bxf6 17. Ba4 Kh8 18. Bb3 Ne6 19. Rfe1 Nc5 {1-0 (35) Smirin,I (2665)-Burmakin,V (2554) Stockholm 2016}) 7. Qd2 Nd7 8. Bh6 $146 {White is better.} ({Predecessor:} 8. O-O-O f5 9. f4 Qa5 10. fxe5 dxe5 11. d5 f4 12. Bf2 O-O 13. d6 Nf5 14. exf5 gxf5 {1-0 (30) Orev,P (2235)-Ivanov,O (2425) Sofia 2009}) 8... O-O 9. h4 Nf6 (9... Bxh6 $14 10. Qxh6 Nf6) 10. f3 (10. Bxg7 $16 Kxg7 11. Rd1) 10... exd4 ({Better is} 10... Be6 $14) 11. Nxd4 $16 d5 12. Bxg7 Kxg7 13. cxd5 cxd5 14. e5 Nfg8 15. h5 Nc6 16. f4 (16. O-O-O $16) 16... Bg4 (16... Nxd4 $14 17. Qxd4 Ne7) 17. Nxd5 $2 ({White should play} 17. Be2 $18 Bxe2 18. Ncxe2) 17... Nxd4 $1 $11 ({Not} 17... Qxd5 $2 18. Nf5+ $1 {[%mdl 512]} Bxf5 19. Qxd5 $18) 18. Qxd4 Qa5+ $2 (18... Ne7 $11 {and Black has nothing to worry.} 19. Bc4 gxh5) 19. b4 $1 $18 {[%cal Rb4a5]} Qa3 {[#]} 20. hxg6 (20. Kf2 $1 $18 Rfd8 21. Bc4) 20... Qg3+ $16 21. Qf2 Qxf2+ 22. Kxf2 fxg6 (22... hxg6 $16 23. Be2 Bxe2) 23. Be2 $40 {[%mdl 128] White is out for blood.} Rad8 {Strongly threatening ...Bxe2.} 24. Bxg4 Rxd5 {[#]} 25. Ke3 $1 {And now Be6 would win.} Rfd8 26. Rhd1 Nh6 (26... Ne7 $142 27. Ke4 Rd2 28. Rxd2 Rxd2) 27. Rxd5 Rxd5 {[%mdl 4096] Endgame KRB-KRN} 28. Be6 Rb5 29. a3 Rb6 30. Bc8 Ng8 31. Rc1 Ne7 32. Rc7 Kf8 33. Bxb7 a5 (33... Ke8 $142 34. Be4 Ra6) 34. bxa5 Rb3+ 35. Kd4 Rxa3 36. a6 Ke8 37. e6 Ra5 38. Kc4 h5 39. Rd7 Ra1 40. Kb5 Rb1+ 41. Kc5 (41. Ka5 $142 Ra1+ 42. Kb6 Rb1+ 43. Kc7 Rc1+ 44. Kb8 Nc6+ 45. Bxc6 Rxc6 46. a7 Rxe6 47. Kc7) 41... Ra1 42. Kb6 Rb1+ 43. Kc7 {[%csl Gc7][%cal Rd7d8]} Rc1+ 44. Kb8 Rb1 45. Rc7 Nd5 46. Rc8+ Ke7 47. a7 Nb6 48. Rc6 {Precision: White = 65%, Black = 32%.} 1-0

[Event "22nd Hoogeveen Open 2018"]
[Site "Hoogeveen"]
[Date "2018.10.23"]
[Round "5"]
[White "Kevlishvili, Robby"]
[Black "Tomilova, Elena"]
[Result "1/2-1/2"]
[WhiteElo "2461"]
[BlackElo "2328"]
[Annotator "TA"]
[PlyCount "99"]
[EventDate "2018.10.20"]
[EventType "swiss"]
[EventCountry "NED"]
[SourceTitle "playchess.com"]
[Source "ChessBase"]
[SourceQuality "1"]

{[%evp 21,99,23,29,0,0,-6,31,17,11,15,30,37,27,21,40,31,40,35,35,27,50,43,88,84,83,40,26,23,41,45,66,43,45,44,50,44,45,34,43,35,76,67,77,82,102,42,43,29,32,0,0,0,0,0,0,0,0,0,0,0,0,0,0,0,0,0,0,0,0,0,0,0,0,0,0,0,0,0,0,0]} 1. e4 e6 2. d4 d5 3. Nd2 c5 4. Ngf3 Nc6 5. exd5 exd5 6. Bb5 Qe7+ 7. Be2 Qc7 {C09: French Tarrasch: 3...c5 4 exd5 exd5 5 Ngf3 Nc6} 8. O-O Nf6 9. Re1 (9. Bb5 cxd4 10. Re1+ Be7 11. Qe2 a6 12. Bxc6+ bxc6 13. Nxd4 Ra7 14. Qe5 c5 15. Nf5 Qxe5 16. Rxe5 Bxf5 17. Rxf5 {½-½ (41) Mamedov,R (2678)-Harikrishna,P (2733) Antalya 2017}) 9... Be6 10. dxc5 Bxc5 11. Nb3 Bb6 {LiveBook: 5 Games} 12. Bb5 O-O 13. Be3 $146 ({Predecessor:} 13. h3 Ne4 14. Be3 Rad8 15. c3 Bxe3 16. Rxe3 {½-½ (25) Farkas,S (1901)-Injac,T (1984) Paracin 2014}) 13... Ne4 14. a4 {[%cal Ba2a4,Ba4a5][%mdl 32]} a6 15. Bf1 Rae8 16. Bxb6 Qxb6 17. Nfd4 Re7 18. a5 Qa7 19. c3 Rfe8 20. Qc2 Bc8 21. f3 Nc5 22. Rxe7 Rxe7 23. Qf2 {[#] Threatens to win with Nxc6.} Nxb3 24. Nxb3 Qxf2+ 25. Kxf2 Bf5 26. Be2 (26. g4 {seems wilder.} Bc8 27. Rd1 Be6 28. h4 h6 29. Kg3) 26... g5 27. Nd4 Nxd4 28. cxd4 $14 {[%mdl 4096] Endgame KRB-KRB} Rc7 29. Ra3 Kf8 30. Rb3 Bd7 31. Bd3 Ba4 32. Rb6 h5 {[%cal Bh7h5,Bh5h4][%mdl 32]} 33. Rh6 (33. Kg3 $16) 33... h4 34. f4 Bc2 35. Ke2 Re7+ {The position is equal.} 36. Kd2 Bxd3 37. Kxd3 gxf4 38. Rxh4 $11 {KR-KR} Re3+ 39. Kd2 Re4 40. Kc3 Re3+ 41. Kb4 Re2 42. b3 Rxg2 43. Rxf4 Rxh2 44. Rf6 Rc2 45. Rd6 Ke7 46. Rxd5 f6 47. Rh5 {And now Rh7+ would win.} Rc7 48. Rh8 f5 49. Rh6 Ke8 50. Rh8+ {Precision: White = 64%, Black = 73%.} 1/2-1/2

[Event "22nd Hoogeveen Open 2018"]
[Site "Hoogeveen"]
[Date "2018.10.23"]
[Round "5"]
[White "Karthikeyan, P.."]
[Black "De Boer, Eelke"]
[Result "1-0"]
[WhiteElo "2443"]
[BlackElo "2285"]
[Annotator "ChessBase"]
[PlyCount "68"]
[EventDate "2018.10.20"]
[EventType "swiss"]
[EventCountry "NED"]
[SourceTitle "playchess.com"]
[Source "ChessBase"]
[SourceQuality "1"]
[TimeControl "40/5400+30:1800+30"]

1. d4 {[%emt 0:00:55]} Nf6 {[%emt 0:00:00]} 2. c4 {[%emt 0:00:21]} g6 {[%emt 0:00:00]} 3. Nc3 {[%emt 0:00:37]} Bg7 {[%emt 0:00:00]} 4. e4 {[%emt 0:00:23]} d6 {[%emt 0:00:04]} 5. Nf3 {[%emt 0:00:34]} O-O {[%emt 0:00:12]} 6. Be2 {[%emt 0:00:23]} e5 {[%emt 0:00:09]} 7. Be3 {[%emt 0:00:32]} Ng4 {[%emt 0:00:09]} 8. Bg5 {[%emt 0:00:14]} f6 {[%emt 0:00:08]} 9. Bh4 {[%emt 0:00:13]} g5 {[%emt 0:00:12]} 10. Bg3 {[%emt 0:00:10]} Nh6 {[%emt 0:00:07]} 11. h3 {[%emt 0:00:22]} Nc6 {[%emt 0:10:48]} 12. dxe5 {[%emt 0:00:15]} dxe5 {[%emt 0:01:31]} 13. Qd5+ {[%emt 0:00:10]} Nf7 {[%emt 0:03:59]} 14. O-O {[%emt 0:05:09]} Qe7 {[%emt 0:10:35]} 15. Qd2 {[%emt 0:02:52]} Ncd8 {[%emt 0:20:02]} 16. Nd5 {[%emt 0:01:18]} Qd7 {[%emt 0:00:39]} 17. Rfd1 {[%emt 0:02:07]} Ne6 {[%emt 0:14:33]} 18. Nxf6+ {[%emt 0:04:21]} Bxf6 {[%emt 0:00:09]} 19. Qxd7 {[%emt 0:00:04]} Bxd7 {[%emt 0:00:30]} 20. Rxd7 {[%emt 0:00:03]} Nd6 {[%emt 0:07:29]} 21. Bxe5 {[%emt 0:04:52]} Nxe4 {[%emt 0:02:40]} 22. Bxf6 {[%emt 0:13:27]} Rxf6 {[%emt 0:03:07]} 23. Re1 {[%emt 0:03:09]} h6 {[%emt 0:05:39]} 24. b4 {[%emt 0:08:02]} Nc3 {[%emt 0:09:07]} 25. c5 {[%emt 0:02:09]} Nxe2+ {[%emt 0:01:58]} 26. Rxe2 {[%emt 0:00:02]} Kf8 {[%emt 0:02:12]} 27. Ne5 {[%emt 0:02:26]} Re8 {[%emt 0:06:42]} 28. Ng4 {[%emt 0:02:34]} Rg6 {[%emt 0:00:38]} 29. Rh7 {[%emt 0:01:17]} Re7 {[%emt 0:00:30]} 30. Rh8+ {[%emt 0:02:14]} Kg7 {[%emt 0:00:11]} 31. Ra8 {[%emt 0:00:12]} a6 {[%emt 0:00:26]} 32. c6 {[%emt 0:01:08]} bxc6 {[%emt 0:01:01]} 33. Rxa6 {[%emt 0:00:06]} h5 {[%emt 0:00:25]} 34. Ne3 {[%emt 0:00:36]} Rf6 {[%emt 0:00:00]} 1-0

[Event "22nd Hoogeveen Open 2018"]
[Site "Hoogeveen"]
[Date "2018.10.23"]
[Round "5"]
[White "Shyaamnikhil P"]
[Black "Sparenberg, Erik"]
[Result "1-0"]
[WhiteElo "2429"]
[BlackElo "2224"]
[Annotator "NA"]
[PlyCount "107"]
[EventDate "2018.10.20"]
[EventType "swiss"]
[EventCountry "NED"]
[SourceTitle "playchess.com"]
[Source "ChessBase"]
[SourceQuality "1"]
[TimeControl "40/5400+30:1800+30"]

1. Nf3 {[%emt 0:00:00]} Nf6 {[%emt 0:00:00]} 2. g3 {[%emt 0:01:06]} g6 {[%emt 0:00:00]} 3. Bg2 {[%emt 0:00:04]} Bg7 {[%emt 0:00:00]} 4. O-O {[%emt 0:00:30]} O-O {[%emt 0:00:00]} 5. d4 {[%emt 0:00:10]} d6 {[%emt 0:00:07]} 6. a4 {[%emt 0:01:05]} c5 {[%emt 0:02:14] LiveBook: 37 Games} 7. c3 {[%emt 0:05:59]} Nbd7 {[%emt 0:02:19]} 8. a5 {[%emt 0:05:04] A49: 1 d4 Nf6 2 Nf3 g6 3 g3: Anti-King's Indian systems} Rb8 {[%emt 0:09:26]} 9. c4 $146 {[%emt 0:11:31]} ({Predecessor:} 9. Nbd2 b5 10. Re1 b4 11. e4 bxc3 12. bxc3 Ba6 13. Qa4 Qc7 14. Qa2 e6 15. h3 Rfc8 {0-1 (50) Rahul,K (2178)-Sagit,R (2427) Stockholm 2017}) 9... b6 {[%emt 0:04:09]} 10. axb6 {[%emt 0:11:43]} Qxb6 {[%emt 0:00:41]} 11. d5 {[%emt 0:04:39]} Rb7 {[%emt 0:20:10]} 12. Nc3 {[%emt 0:01:32]} h6 {[%emt 0:08:25]} 13. h3 {[%emt 0:03:07]} Kh7 {[%emt 0:07:11]} 14. Ra3 {[%emt 0:02:06]} Ng8 {[%emt 0:01:23]} 15. Nd2 {[%emt 0:04:18]} f5 {[%emt 0:05:14]} 16. e3 {[%emt 0:08:38]} Ndf6 {[%emt 0:04:54]} 17. Nb3 {[%emt 0:04:06]} Bd7 {[%emt 0:04:46]} 18. Qc2 {[%emt 0:01:35]} Rbb8 {[%emt 0:05:16]} 19. Rd1 {[%emt 0:03:13]} h5 {[%emt 0:05:20]} 20. Ne2 {[%emt 0:07:53]} Nh6 {[%emt 0:02:18]} 21. Bd2 {[%emt 0:01:12]} Ne4 {[%emt 0:07:19]} 22. Ba5 {[%emt 0:00:45]} Qb7 {[%emt 0:00:02]} 23. f3 {[%emt 0:03:43]} Nf6 {[%emt 0:00:01]} 24. Bc3 {[%emt 0:01:38]} Nf7 {[%emt 0:02:09]} 25. Rda1 {[%emt 0:00:27]} e5 {[%emt 0:02:50]} 26. dxe6 {[%emt 0:00:37]} Bxe6 {[%emt 0:00:02]} 27. Nd2 {[%emt 0:00:32]} Ra8 {[%emt 0:01:40] [#]} 28. f4 $1 {[%emt 0:04:31]} d5 {[%emt 0:00:07]} 29. Ra6 {[%emt 0:05:31]} Qe7 {[%emt 0:00:33]} 30. Bxf6 {[%emt 0:01:00]} Bxf6 {[%emt 0:00:17]} 31. cxd5 {[%emt 0:00:29]} Bc8 {[%emt 0:01:29]} 32. R6a3 {[%emt 0:01:49]} Nd6 {[%emt 0:00:47]} 33. e4 {[%emt 0:01:54]} fxe4 {[%emt 0:00:37]} 34. Nxe4 {[%emt 0:00:06]} Bf5 {[%emt 0:02:08]} 35. Nxf6+ {[%emt 0:00:31]} Rxf6 {[%emt 0:00:33]} 36. Qc3 {[%emt 0:02:32]} Rf7 {[%emt 0:01:39]} 37. Qxc5 {[%emt 0:01:42]} Qxe2 {[%emt 0:01:32]} 38. Qxd6 {[%emt 0:00:06]} Be4 {[%emt 0:00:39]} 39. Bxe4 {[%emt 0:00:11]} Qxe4 {[%emt 0:00:07]} 40. Qe5 {[%emt 0:00:24]} Qb4 {[%emt 0:00:42]} 41. Ra4 {[%emt 0:31:58]} Qb6+ {[%emt 0:02:25]} 42. Qd4 {[%emt 0:00:00]} Qb3 {[%emt 0:02:32]} 43. R4a3 {[%emt 0:00:00]} Qc2 {[%emt 0:00:17]} 44. Rxa7 {[%emt 0:00:00]} Raxa7 {[%emt 0:01:05]} 45. Rxa7 {[%emt 0:00:00]} Qc1+ {[%emt 0:00:30]} 46. Kg2 {[%emt 0:00:00]} Qc2+ {[%emt 0:00:11]} 47. Kf3 {[%emt 0:00:00]} Qb3+ {[%emt 0:00:16]} 48. Ke4 {[%emt 0:00:00]} Qc2+ {[%emt 0:00:29]} 49. Ke5 {[%emt 0:00:00]} Qf5+ {[%emt 0:06:47]} 50. Kd6 {[%emt 0:00:00]} Rxa7 {[%emt 0:02:14]} 51. Qxa7+ {[%emt 0:00:00]} Kg8 {[%emt 0:00:08]} 52. Qb8+ {[%emt 0:00:00]} Kg7 {[%emt 0:03:08]} 53. Qc7+ {[%emt 0:00:00]} Kf6 {[%emt 0:00:47]} 54. Qe7# {[%emt 0:00:00]} 1-0

[Event "22nd Hoogeveen Open 2018"]
[Site "Hoogeveen"]
[Date "2018.10.23"]
[Round "5"]
[White "Warmerdam, Max"]
[Black "Wedda, Dries"]
[Result "1-0"]
[WhiteElo "2417"]
[BlackElo "2216"]
[Annotator "ChessBase"]
[PlyCount "81"]
[EventDate "2018.10.20"]
[EventType "swiss"]
[EventCountry "NED"]
[SourceTitle "playchess.com"]
[Source "ChessBase"]
[SourceQuality "1"]
[TimeControl "40/5400+30:1800+30"]

1. e4 {[%emt 0:00:00]} c5 {[%emt 0:00:00]} 2. Nf3 {[%emt 0:00:00]} d6 {[%emt 0:00:00]} 3. Bb5+ {[%emt 0:00:00]} Nd7 {[%emt 0:00:00]} 4. d4 {[%emt 0:00:00]} cxd4 {[%emt 0:00:00]} 5. Qxd4 {[%emt 0:00:00]} a6 {[%emt 0:00:00]} 6. Bxd7+ {[%emt 0:00:00]} Bxd7 {[%emt 0:00:00]} 7. Nc3 {[%emt 0:00:00]} e5 {[%emt 0:15:01]} 8. Qd3 {[%emt 0:00:10]} h6 {[%emt 0:05:20]} 9. Nd2 {[%emt 0:00:06]} Rc8 {[%emt 0:08:13]} 10. Nc4 {[%emt 0:00:14]} Be6 {[%emt 0:02:11]} 11. Ne3 {[%emt 0:00:12]} Nf6 {[%emt 0:01:08]} 12. O-O {[%emt 0:00:38]} Be7 {[%emt 0:02:26]} 13. a4 {[%emt 0:02:33]} O-O {[%emt 0:02:43]} 14. Rd1 {[%emt 0:00:21]} Qc7 {[%emt 0:15:28]} 15. a5 {[%emt 0:00:18]} Rfd8 {[%emt 0:02:46]} 16. Qe2 {[%emt 0:01:31]} Qc6 {[%emt 0:10:41]} 17. Qf3 {[%emt 0:00:23]} b5 {[%emt 0:09:52]} 18. axb6 {[%emt 0:00:30]} Qxb6 {[%emt 0:00:09]} 19. Bd2 {[%emt 0:00:07]} Qb7 {[%emt 0:02:35]} 20. Be1 {[%emt 0:04:30]} g6 {[%emt 0:05:37]} 21. b3 {[%emt 0:05:24]} Kg7 {[%emt 0:00:58]} 22. Ra2 {[%emt 0:01:55]} Rc5 {[%emt 0:05:55]} 23. Ncd5 {[%emt 0:07:45]} Bxd5 {[%emt 0:05:05]} 24. exd5 {[%emt 0:03:29]} Rd7 {[%emt 0:01:18]} 25. c4 {[%emt 0:02:44]} Nh7 {[%emt 0:01:15]} 26. Rda1 {[%emt 0:03:40]} f5 {[%emt 0:01:30]} 27. Rxa6 {[%emt 0:00:36]} Ng5 {[%emt 0:00:35]} 28. Qd1 {[%emt 0:01:06]} f4 {[%emt 0:00:09]} 29. Nf1 {[%emt 0:00:34]} Rc8 {[%emt 0:00:34]} 30. Nd2 {[%emt 0:02:09]} Bd8 {[%emt 0:00:50]} 31. R1a3 {[%emt 0:05:01]} Bb6 {[%emt 0:00:23]} 32. h4 {[%emt 0:00:28]} Nh7 {[%emt 0:00:15]} 33. Ne4 {[%emt 0:01:15]} Nf6 {[%emt 0:00:12]} 34. Nxf6 {[%emt 0:00:40]} Kxf6 {[%emt 0:00:02]} 35. Qg4 {[%emt 0:00:16]} Bc5 {[%emt 0:00:38]} 36. b4 {[%emt 0:01:02]} Bd4 {[%emt 0:00:04]} 37. Qe6+ {[%emt 0:01:48]} Kg7 {[%emt 0:00:01]} 38. c5 {[%emt 0:01:32]} Bxc5 {[%emt 0:01:03]} 39. bxc5 {[%emt 0:00:11]} Rxc5 {[%emt 0:00:04]} 40. Rb6 {[%emt 0:03:53]} Qc7 {[%emt 0:00:28]} 41. Ra8 {[%emt 0:30:25]} 1-0

[Event "22nd Hoogeveen Open 2018"]
[Site "Hoogeveen"]
[Date "2018.10.23"]
[Round "5"]
[White "Zwirs, Nico"]
[Black "Giacomini, Hector"]
[Result "1-0"]
[WhiteElo "2410"]
[BlackElo "2178"]
[Annotator "NA"]
[PlyCount "99"]
[EventDate "2018.10.20"]
[EventType "swiss"]
[EventCountry "NED"]
[SourceTitle "playchess.com"]
[Source "ChessBase"]
[SourceQuality "1"]
[TimeControl "40/5400+30:1800+30"]

1. e4 {[%emt 0:00:00]} c6 {[%emt 0:00:00]} 2. d4 {[%emt 0:00:00]} d5 {[%emt 0:00:00]} 3. exd5 {[%emt 0:00:00]} cxd5 {[%emt 0:00:00]} 4. c4 {[%emt 0:00:01]} Nf6 {[%emt 0:00:00]} 5. Nc3 {[%emt 0:00:05]} e6 {[%emt 0:00:00]} 6. Nf3 {[%emt 0:00:17]} Be7 {[%emt 0:00:00] LiveBook: 1735 Games} 7. cxd5 {[%emt 0:00:42]} Nxd5 {[%emt 0:00:00]} 8. Bd3 {[%emt 0:00:08]} Nc6 {[%emt 0:00:05]} 9. O-O {[%emt 0:00:12]} O-O {[%emt 0:00:03]} 10. Re1 {[%emt 0:00:12]} Bf6 {[%emt 0:00:09]} 11. Be4 {[%emt 0:00:22]} Nce7 {[%emt 0:00:10]} 12. Qd3 {[%emt 0:01:07]} h6 {[%emt 0:00:05]} 13. Ne5 {[%emt 0:00:24]} Bd7 {[%emt 0:00:29]} 14. Qg3 {[%emt 0:00:43]} Bc6 {[%emt 0:00:10]} 15. Nxc6 {[%emt 0:00:16]} bxc6 {[%emt 0:00:11]} 16. Bxh6 {[%emt 0:00:14]} Qb6 {[%emt 0:01:32]} 17. Bg5 {[%emt 0:19:58]} Bxg5 {[%emt 0:04:30]} 18. Qxg5 {[%emt 0:00:19]} Qxb2 {[%emt 0:02:46]} 19. Ne2 {[%emt 0:05:18]} Nf6 {[%emt 0:05:01]} 20. Bf3 {[%emt 0:01:23]} Rab8 {[%emt 0:02:49]} 21. Qc5 {[%emt 0:03:13]} Rb7 {[%emt 0:09:42]} 22. h4 {[%emt 0:11:16]} Rfb8 {[%emt 0:08:09]} 23. a4 {[%emt 0:08:55]} Nfd5 {[%emt 0:06:16]} 24. g3 {[%emt 0:11:27]} Qb4 {[%emt 0:04:03]} 25. Qc1 {[%emt 0:00:42]} Nf5 {[%emt 0:13:37]} 26. Qxc6 {[%emt 0:05:18]} Rc7 {[%emt 0:00:31]} ({Much weaker is} 26... Nxd4 $6 27. Nxd4 Qxd4 28. Rad1 $16) 27. Qa6 {[%emt 0:01:09]} Nxd4 $11 {[%emt 0:00:38]} 28. Nxd4 {[%emt 0:13:34]} Qxd4 {[%emt 0:00:10]} 29. Red1 {[%emt 0:00:49]} Qc5 {[%emt 0:10:15]} 30. Bxd5 {[%emt 0:12:33]} exd5 {[%emt 0:00:05]} 31. Qd3 {[%emt 0:00:15]} Rb2 {[%emt 0:00:50]} 32. Qf5 {[%emt 0:01:29]} g6 {[%emt 0:04:07]} 33. Qf4 {[%emt 0:00:03]} Rc6 {[%emt 0:13:40]} 34. Rac1 {[%emt 0:00:07]} Qd6 {[%emt 0:00:50]} 35. Rxc6 {[%emt 0:00:04]} Qxc6 {[%emt 0:00:11]} 36. h5 {[%emt 0:02:01]} gxh5 {[%emt 0:02:07]} 37. Qg5+ {[%emt 0:00:02]} Qg6 {[%emt 0:00:25]} 38. Rxd5 {[%emt 0:01:11]} Rb6 {[%emt 0:11:12]} 39. Qh4 {[%emt 0:03:07]} Qb1+ {[%emt 0:01:17]} 40. Kh2 {[%emt 0:00:03]} Rg6 {[%emt 0:03:04]} 41. Qd8+ {[%emt 0:02:44]} Kg7 {[%emt 0:09:36]} 42. Rxh5 {[%emt 0:00:21]} Rh6 {[%emt 0:03:13]} 43. Qg5+ {[%emt 0:05:42]} Qg6 {[%emt 0:01:26]} 44. Qxh6+ {[%emt 0:00:07]} Qxh6 {[%emt 0:00:05]} 45. Rxh6 {[%emt 0:00:05]} Kxh6 {[%emt 0:00:04]} 46. a5 {[%emt 0:00:09]} a6 {[%emt 0:00:04]} 47. g4 {[%emt 0:00:12]} f5 {[%emt 0:00:22]} 48. Kg3 {[%emt 0:00:12]} fxg4 {[%emt 0:00:16]} 49. Kxg4 {[%emt 0:00:07]} Kg6 {[%emt 0:00:13]} 50. Kf4 {[%emt 0:00:04]} 1-0

[Event "22nd Hoogeveen Open 2018"]
[Site "Hoogeveen"]
[Date "2018.10.23"]
[Round "5"]
[White "Miedema, David"]
[Black "Ingebretsen, Jens E"]
[Result "1-0"]
[WhiteElo "2379"]
[BlackElo "2160"]
[Annotator "NA"]
[PlyCount "89"]
[EventDate "2018.10.20"]
[EventType "swiss"]
[EventCountry "NED"]
[SourceTitle "playchess.com"]
[Source "ChessBase"]
[SourceQuality "1"]
[TimeControl "40/5400+30:1800+30"]

1. d4 {[%emt 0:00:00]} Nf6 {[%emt 0:05:38]} 2. c4 {[%emt 0:00:00]} e6 {[%emt 0:00:13]} 3. Nf3 {[%emt 0:00:00]} b6 {[%emt 0:00:41]} 4. g3 {[%emt 0:00:00]} Bb7 {[%emt 0:00:15]} 5. Bg2 {[%emt 0:00:00]} Be7 {[%emt 0:00:24]} 6. O-O {[%emt 0:00:00]} O-O {[%emt 0:00:14]} 7. d5 {[%emt 0:00:02]} exd5 {[%emt 0:00:14]} 8. Nh4 {[%emt 0:00:03]} c6 {[%emt 0:00:09]} 9. cxd5 {[%emt 0:00:05]} Nxd5 {[%emt 0:00:06]} 10. Nf5 {[%emt 0:00:02]} Nc7 {[%emt 0:00:06]} 11. e4 {[%emt 0:00:04]} d5 {[%emt 0:00:03]} 12. Nc3 {[%emt 0:00:05]} Bf6 {[%emt 0:00:03]} 13. Bf4 {[%emt 0:00:04]} Bc8 {[%emt 0:03:29]} 14. Nd6 {[%emt 0:33:40]} g5 {[%emt 0:13:01]} 15. Nxc8 {[%emt 0:02:01]} gxf4 {[%emt 0:01:20]} 16. Bh3 {[%emt 0:00:09]} d4 {[%emt 0:03:45]} 17. Qh5 {[%emt 0:15:37]} Ne6 {[%emt 0:11:16]} 18. Bf5 {[%emt 0:06:48]} Re8 {[%emt 0:00:11]} 19. e5 {[%emt 0:01:04]} Bxe5 {[%emt 0:10:55]} 20. Bxh7+ {[%emt 0:05:44]} Kg7 {[%emt 0:01:08]} 21. Qxe5+ {[%emt 0:00:20]} Kxh7 {[%emt 0:05:52]} 22. Nd6 {[%emt 0:00:37]} Rf8 {[%emt 0:05:01]} 23. Nce4 {[%emt 0:05:21]} Nd7 {[%emt 0:03:32]} 24. Qh5+ {[%emt 0:01:35]} Kg8 {[%emt 0:00:52]} 25. Qg4+ {[%emt 0:01:56]} Kh7 {[%emt 0:03:35]} 26. Nxf7 {[%emt 0:01:16]} Rxf7 {[%emt 0:01:14]} 27. Qxe6 {[%emt 0:00:06]} Rf8 {[%emt 0:03:54]} 28. Qh3+ {[%emt 0:02:19]} Kg6 {[%emt 0:03:08]} 29. Qg4+ {[%emt 0:01:24]} Kh6 {[%emt 0:00:48]} 30. Qh3+ {[%emt 0:07:04]} Kg6 {[%emt 0:00:13]} 31. Qg4+ {[%emt 0:00:44]} Kh6 {[%emt 0:00:36]} 32. Qe6+ {[%emt 0:00:04]} Kg7 {[%emt 0:00:58]} 33. Rae1 {[%emt 0:03:13]} Nf6 {[%emt 0:07:44]} 34. Qxc6 {[%emt 0:07:44]} Qc8 {[%emt 0:05:50]} 35. Qb5 {[%emt 0:02:45]} Qg4 {[%emt 0:00:20]} 36. Qg5+ $18 {[%emt 0:02:08]} (36. Nxf6 Rxf6 37. Re7+ Kf8 38. Rh7) 36... Kh8 {[%emt 0:04:24]} 37. Qe5 {[%emt 0:00:44]} Kg7 {[%emt 0:03:56]} 38. Qe7+ {[%emt 0:00:57]} Kg6 {[%emt 0:01:06]} 39. Nxf6 {[%emt 0:00:06]} Rxf6 {[%emt 0:00:27]} 40. Qe4+ {[%emt 0:00:04]} Qf5 {[%emt 0:01:07]} 41. Qxa8 {[%emt 0:30:06]} f3 {[%emt 0:30:32]} 42. Qe8+ {[%emt 0:00:19]} Kh6 {[%emt 0:00:44]} 43. Re5 {[%emt 0:00:22]} Qg4 {[%emt 0:00:41]} 44. Qh8+ {[%emt 0:00:09]} Kg6 {[%emt 0:00:08]} 45. Qg8+ {[%emt 0:00:03]} 1-0